Dotácie na zamestnávanie mladých ľudí

Podpora firiem zamestnávajúcich mladých ľudí, ktorí si nevedia nájsť prácu. Forma a podmienky pre získanie finančného príspevku od štátu na podporu vytvárania pracovných miest pre mladých nezamestnaných.

Gespeichert in:
Bibliographische Detailangaben
1. Verfasser: Šrenkel, Ľudovít
Format: Buchkapitel
Sprache:Slowakisch
Schlagworte:
Tags: Tag hinzufügen
Keine Tags, Fügen Sie das erste Tag hinzu!

MARC

LEADER 00000nla a2200000 4500
001 0198198
005 20240502073340.5
041 0 |a slo 
044 |a SK 
245 1 0 |a Dotácie na zamestnávanie mladých ľudí  |c Ľudovít Šrenkel 
520 |a Podpora firiem zamestnávajúcich mladých ľudí, ktorí si nevedia nájsť prácu. Forma a podmienky pre získanie finančného príspevku od štátu na podporu vytvárania pracovných miest pre mladých nezamestnaných. 
610 2 0 |a zamestnávatelia 
610 2 0 |a príspevky štátne 
610 2 0 |a dotácie 
610 2 0 |a podpora štátna 
610 2 0 |a miesta pracovné 
610 2 0 |a trh práce 
610 2 0 |a nezamestnaní 
610 2 0 |a absolventi 
100 1 |a Šrenkel, Ľudovít